| Tag |
First Indicator |
Second Indicator |
Subfields |
| LEADER |
00000cam a2200000 4500 |
| 001 |
in00000044889 |
| 005 |
20151007065122.0 |
| 008 |
791103s1908 nyua b 00010 eng |
| 010 |
|
|
|a 08036798
|
| 035 |
|
|
|a (OCoLC)05640783
|
| 035 |
|
|
|9 AAE1321AM
|
| 040 |
|
|
|a DLC
|c CLE
|d TXA
|d UtOrBLW
|
| 049 |
|
|
|a TXAM
|c [58836]
|
| 050 |
|
0 |
|a QD142
|b .R5
|
| 092 |
|
|
|a 543.3
|b R514
|
| 100 |
1 |
|
|a Richards, Ellen Henrietta Swallow,
|c "Mrs. R. H. Richards,",
|d 1842-1911.
|
| 245 |
1 |
0 |
|a Laboratory notes on industrial water analysis ;
|b a survey course for engineers /
|c by Ellen H. Richards.
|
| 250 |
|
|
|a 1st ed.
|b 1st thousand.
|
| 264 |
|
1 |
|a New York :
|b J. Wiley & sons; [etc., etc.],
|c 1908.
|
| 300 |
|
|
|a iii, 49 pages including tables. ;
|c 24 cm.
|
| 336 |
|
|
|a text
|b txt
|2 rdacontent
|
| 337 |
|
|
|a unmediated
|b n
|2 rdamedia
|
| 338 |
|
|
|a volume
|b nc
|2 rdacarrier
|
| 504 |
|
|
|a "Some useful references": page 48.
|
| 650 |
|
0 |
|a Water
|x Analysis.
|
| 999 |
|
|
|a MARS
|
| 999 |
f |
f |
|s 0a9e4528-0c27-3df7-a065-535b26db3780
|i 498e17e3-fc9e-3c9a-93cc-df62fbc277d3
|t 0
|
| 952 |
f |
f |
|p ric
|a Texas A&M University
|b Rellis Campus
|c Joint Library Facility
|d Remote Storage
|t 0
|e QD142 .R5
|h Library of Congress classification
|i unmediated -- volume
|m A14800939557
|
| 998 |
f |
f |
|a QD142 .R5
|t 0
|l Remote Storage
|